书目信息 |
| 题名: |
城市人居环境
|
|
| 作者: | 李丽萍 著 | |
| 分册: | ||
| 出版信息: | 北京 中国轻工业出版社 2001.06 |
|
| 页数: | 449页 | |
| 开本: | 32开 | |
| 丛书名: | 区域经济系列丛书 | |
| 单 册: | ||
| 中图分类: | X21 | |
| 科图分类: | ||
| 主题词: | 城市环境:居住环境--研究 , 环境系统 | |
| 电子资源: | ||
| ISBN: | 7-5019-3149-6 | |
| 000 | 00648nam0 2200229 45 | |
| 001 | 0211260925 | |
| 005 | 20050623160006.0 | |
| 010 | @a7-5019-3149-6@dCNY26.00 | |
| 100 | @a20021126d2001 km y0chiy0120 ea | |
| 101 | 0 | @achi |
| 105 | @aa z 000yy | |
| 200 | 1 | @a城市人居环境@ACheng Shi Ren Ju Huan Jing@f李丽萍著@FLi Li Ping Zhu |
| 210 | @a北京@c中国轻工业出版社@d2001.06 | |
| 215 | @a449页@c插图@d32开 | |
| 225 | @a区域经济系列丛书 | |
| 410 | @12001 @a区域经济系列丛书 | |
| 606 | 0 | @a城市环境:居住环境@x研究 |
| 606 | 0 | @a环境系统 |
| 690 | @aX21@v4 | |
| 701 | @a李丽萍@4著 | |
| 801 | @aCN@bTSTC@c20021126 | |
| 905 | @b318228-229@dX21@e16@f2 | |
| 城市人居环境/李丽萍著.-北京:中国轻工业出版社,2001.06 |
| 449页:插图;32开.-(区域经济系列丛书) |
| ISBN 7-5019-3149-6:CNY26.00 |
| ● |
| 相关链接 |
|
|
|
|
正题名:城市人居环境
索取号:X21/16
 
预约/预借
| 序号 | 登录号 | 条形码 | 馆藏地/架位号 | 状态 | 备注 |
| 1 | 0318228 | 203182288 | 第三借阅区/ [索取号:X21/16] | 在馆 | |
| 2 | 0318229 | 203182297 | 第二样本阅览室/ [索取号:X21/16] | 在馆 |